000 01179nam a2200289 4500
003 EG-GICUC
005 20260121101239.0
008 251118s2007 ua ||||fr|||| 00| 0 ara d
040 _a EG-GICUC
_bara
_c EG-GICUC
_d EG-GICUC
_erda
041 0 _aara
082 0 4 _221
_a341.76
_bس ا . ح
092 0 4 _221
099 _aLaw1 11 341.76 س ا . ح 1 ed - 2007
100 0 _aمحمد سامح عمرو
_eمؤلف.
245 1 2 _aالحماية الدولية للتراث الثقافى المغمور بالمياه :
_bدراسة لأهم أحكام اتفاقية اليونسكو(2001) /
_cمحمد سامح عمرو.
264 1 _aالقاهرة :
_bدار النهضة العربية،
_c2007.
300 _a442 ؛صفحة
_c24 سم
336 _2rda content
_atext
337 _2rda media
_aComputer
338 _2rda carrier
_aOnline Resource
504 _aيشتمل على إرجاعات بيلوجرافية.
650 1 _a العلاقات الثقافية الدولية
650 1 _aالحماية الدولية للتراث الثقافى
856 4 0 _uhttps://fll.law.cu.edu.eg/fulltext/bks/B11-06053.pdf
905 _a75
_eYara
942 _2ddc
_n0
_cBK
_e21
999 _c44215
_d44215